| 000 | 00000nam##2200000za#4500 |
| 001 | 9.611042 |
| 003 | CaOODSP |
| 005 | 20200327121429 |
| 007 | ta |
| 008 | 150406|1993||||xxc||||| f|0| 0 eng|d |
| 022 | |a0706-6457 |
| 040 | |aCaOODSP|beng |
| 043 | |an-cn--- |
| 086 | 1 |aFs97-6/1940E |
| 110 | 1 |aCanada. |bDepartment of Fisheries and Oceans. |
| 245 | 10|aReport of the 2nd Walrus International Technical and Scientific (WITS) Workshop, 11-15 January 1993, Winnipeg, Manitoba, Canada / |cEdited by R. E. A. Stewart et al. |
| 260 | |aOttawa - Ontario : |bFisheries and Oceans Canada |c1993. |
| 300 | |aviii, 91p. : |bfigs., references ; |c28 cm. |
| 490 | 1 |aCanadian technical report of fisheries and aquatic sciences|x0706-6457|v1940 |
| 500 | |aPrepared in the Central and Arctic Region, Department of Fisheries and Oceans, Winnipeg, Manitoba R3T 2N6. Errata sheet inserted. |
| 546 | |aRésumés en français |
| 563 | |aSoftcover |
| 690 | 07|aAnimals|2gcpds |
| 720 | 1 |aStewart, R. E. A. |
| 776 | 0#|tReport of the 2nd Walrus International Technical and Scientific (WITS) Workshop, 11-15 January 1993, Winnipeg, Manitoba, Canada / |w(CaOODSP)9.573861 |
| 830 | #0|aCanadian technical report of fisheries and aquatic sciences,|x0706-6457|v1940|w(CaOODSP)9.514691 |